00842nam a2200229 i 450000100060000000300090000600500170001500700030003200800410003510000340007624501160011026000350022630000340026149000270029570000350032270000280035770000210038583000350040685200320044199900170047395201220049050905ES-MaACL20251001175243.0t|030807s1979 sp ||||1| spa d1 aChamoso Lamas, Manuel.93790610aGalicia / c[texto de Manuel Chamoso Lamas, Victoriano González y Bernardo Regal ; fotografía de Zodiaque]. a[Madrid : bEncuentro, c1979] a555 p., 180 lám. ; c23 cm.1 ala España románica1 aGonzález, Victoriano.9583881 aRegal, Bernardo.9958650 aZodiaque91183220 ala España románica9182338 aES-MaACLjA-10329 bR.99569 c50905d50905 00104070aATENEOMbATENEOMcDEPO1d2008-01-17eSCl0oA-10329p1053536r2023-02-23 00:00:00w2023-02-23yMONOGRAFIA